Statistics for Friends Trivia

Click here to take the quiz!

General Stats

  • This quiz has been taken 17,646 times
    (17,632 since last reset)
  • The average score is 11 of 15

Answer Stats

Hint Answer % Correct
Which character wrote songs?Phoebe
99%
How many times has Ross been divorced?3
98%
Who was the first person to find out about Chandler and Monica?Joey
98%
What was the name of the coffee shop where the Friends usually hung out?Central Perk
97%
Which of the characters is often made fun of for being fat as a child?Monica
96%
On the series finale, who said the last line?Chandler
92%
Who was the actor who played Chandler Bing?Matthew Perry
90%
Which recurring character was known for their insane laugh and personality?Janice
84%
What was Ross's occupation?Paleontologist
80%
What is Emma's last name?Gellar-Green
64%
Who was the only cast member not nominated for an Emmy?Courtney Cox
58%
Who sang the theme song?The Rembrandts
49%
Which actress was nominated for an Emmy for her role as Rachel's sister?Christina Applegate
33%
How long has Ross had a crush on Rachel?Since 9th Grade
26%
The creators of "Friends" had originally planned a different name for the show. What was it?Six of One
8%

Score Distribution

Percentile by Number Answered

Percent of People with Each Score

Your Score History

You have not taken this quiz since the last reset